[Event "British Rapidplay"]
[Site "Peterborough"]
[Date "2025.03.01"]
[Round "1.64"]
[White "Strugar, Ioan-Euzeb"]
[Black "Vashisht-Pigem, Raman"]
[Result "0-1"]
[WhiteElo "1659"]
[BlackElo "1965"]
[PlyCount "79"]
[EventDate "2025.03.01"]
[EventType "swiss (rapid)"]
[EventRounds "11"]
[EventCountry "ENG"]
[SourceTitle "BritBase"]
[Source "John Saunders"]
[SourceDate "2025.03.03"]
[SourceVersion "1"]
[SourceVersionDate "2025.03.03"]
[SourceQuality "2"]

1. d3 d5 2. Nf3 Nf6 3. c3 c5 4. Qa4+ Bd7 5. Qc2 Bf5 6. Nbd2 Nc6 7. e4 dxe4 8. dxe4 Bg6 9. Be2 e6 10. O-O Be7 11. Re1 O-O 12. h3 h6 13. Bd3 Qc7 14. Nf1 Rfd8 15. Be3 a6 16. a4 c4 17. Bxc4 Bxe4 18. Qe2 Bxf3 19. Qxf3 Ne5 20. Qg3 Nh5 21. Qh2 Bd6 22. Be2 Nf3+ 23. Bxf3 Bxh2+ 24. Nxh2 Nf6 25. Rad1 Rxd1 26. Rxd1 Rd8 27. Rxd8+ Qxd8 28. Bxb7 Qd1+ 29. Nf1 Qxa4 30. Nd2 Qb5 31. c4 Qxb7 32. c5 Qxb2 33. c6 Qc1+ 34. Kh2 Qxc6 35. Bf4 Qa4 36. Bg3 Nd7 37. f3 f5 38. f4 Kh7 39. Nf3 a5 40. Nd2 0-1

[Event "British Rapidplay"]
[Site "Peterborough"]
[Date "2025.03.01"]
[Round "1.66"]
[White "Ben-Eshak, Djad"]
[Black "Norris, Zack"]
[Result "0-1"]
[WhiteElo "1597"]
[BlackElo "1929"]
[PlyCount "160"]
[EventDate "2025.03.01"]
[EventType "swiss (rapid)"]
[EventRounds "11"]
[EventCountry "ENG"]
[SourceTitle "BritBase"]
[Source "John Saunders"]
[SourceDate "2025.03.03"]
[SourceVersion "1"]
[SourceVersionDate "2025.03.03"]
[SourceQuality "2"]

1. e4 c5 2. c3 Nf6 3. e5 Nd5 4. d4 cxd4 5. cxd4 d6 6. exd6 Qxd6 7. Bb5+ Bd7 8. Bxd7+ Nxd7 9. Nf3 g6 10. Nc3 Bg7 11. O-O O-O 12. Nxd5 Qxd5 13. Bf4 Nb6 14. Be5 Bh6 15. Qb3 Qxb3 16. axb3 Rfc8 17. Ne1 Nd5 18. Nd3 Rc2 19. g3 f6 20. Bf4 Nxf4 21. gxf4 a6 22. Rac1 Rd2 23. Rfd1 Rxd1+ 24. Rxd1 b6 25. Rc1 Rd8 26. Rc4 b5 27. Rb4 Rb8 28. d5 a5 29. Rd4 Rd8 30. Nc5 Rc8 31. Nb7 Rc1+ 32. Kg2 Rc2 33. Nxa5 Rxb2 34. Rb4 Rd2 35. Nc6 Kf7 36. Nd8+ Ke8 37. Ne6 Kd7 38. Nc5+ Kc7 39. Rxb5 Rxd5 40. b4 Kc6 41. Rb8 Bxf4 42. Rc8+ Kb5 43. Ne6 Bd6 44. Nc7+ Bxc7 45. Rxc7 Re5 46. Rb7+ Kc4 47. Kf3 h5 48. Kg3 Rg5+ 49. Kf3 e5 50. b5 Rf5+ 51. Ke3 Kc5 52. b6 Kc6 53. Rg7 Kxb6 54. Rxg6 Kc5 55. f3 Kd5 56. Rg8 Ke6 57. Rh8 Kf7 58. Ke4 Rf4+ 59. Ke3 Rh4 60. Rh7+ Kg6 61. Rd7 Rxh2 62. f4 Rh3+ 63. Ke4 Rh4 64. Ke3 Rxf4 65. Rd2 Rg4 66. Kf3 Kg5 67. Rh2 h4 68. Re2 Rg3+ 69. Kf2 Ra3 70. Re1 Kf4 71. Kg2 e4 72. Rf1+ Rf3 73. Rh1 Kg4 74. Re1 f5 75. Kh2 Rf2+ 76. Kg1 Kg3 77. Re3+ Rf3 78. Re2 Kf4 79. Re1 e3 80. Re2 Rg3+ 0-1

[Event "British Rapidplay"]
[Site "Peterborough"]
[Date "2025.03.01"]
[Round "1.67"]
[White "Ganti, Shriaansh"]
[Black "Beswick, Andrew"]
[Result "0-1"]
[WhiteElo "1980"]
[BlackElo "1560"]
[PlyCount "56"]
[EventDate "2025.03.01"]
[EventType "swiss (rapid)"]
[EventRounds "11"]
[EventCountry "ENG"]
[SourceTitle "BritBase"]
[Source "John Saunders"]
[SourceDate "2025.03.03"]
[SourceVersion "1"]
[SourceVersionDate "2025.03.03"]
[SourceQuality "2"]

1. d4 Nf6 2. c4 e6 3. Nf3 d5 4. e3 Be7 5. Nbd2 c5 6. cxd5 Nxd5 7. Bc4 O-O 8. O-O Nc6 9. dxc5 Bxc5 10. Qe2 b6 11. a3 Bb7 12. b4 Be7 13. Bb2 Bf6 14. Ne4 Bxb2 15. Qxb2 Nce7 16. Rfd1 Rc8 17. Bd3 Qd7 18. Ne5 Qe8 19. Nd6 Qd8 20. Nxc8 Nxc8 21. Rac1 Qf6 22. Qd4 Nd6 23. e4 Nf4 24. Qxd6 Rd8 25. Qc7 Nxd3 26. Rxd3 Rxd3 27. Nxd3 Ba6 28. Qc8+ Qd8 0-1

[Event "British Rapidplay"]
[Site "Peterborough"]
[Date "2025.03.01"]
[Round "1.68"]
[White "Yu, Robin"]
[Black "Manley, Jonathan P"]
[Result "0-1"]
[WhiteElo "1628"]
[BlackElo "2090"]
[PlyCount "97"]
[EventDate "2025.03.01"]
[EventType "swiss (rapid)"]
[EventRounds "11"]
[EventCountry "ENG"]
[SourceTitle "BritBase"]
[Source "John Saunders"]
[SourceDate "2025.03.03"]
[SourceVersion "1"]
[SourceVersionDate "2025.03.03"]
[SourceQuality "2"]

1. c4 e5 2. Nc3 Nc6 3. g3 f5 4. e3 Nf6 5. Bg2 g6 6. Nge2 Bg7 7. d3 d6 8. O-O O-O 9. h3 Be6 10. b3 Bf7 11. Bb2 Qd7 12. Qd2 Rae8 13. Rad1 h6 14. Kh2 Nd8 15. f4 c6 16. e4 exf4 17. Nxf4 g5 18. Nfe2 Bg6 19. exf5 Bxf5 20. d4 d5 21. Rde1 Bg6 22. Nd1 Ne4 23. Rxf8+ Rxf8 24. Qe3 Nf7 25. c5 Nf6 26. Nf2 Re8 27. Qd2 Qf5 28. Ng1 Rxe1 29. Qxe1 Qc2 30. Qe2 Qb1 31. a3 Qa2 32. b4 Qb3 33. Nf3 Ne4 34. Ne5 Qxg3+ 35. Kg1 Nxe5 36. Nxe4 Bxe4 37. dxe5 Bxe5 38. Bxe5 Qxe5 39. Bxe4 Qxe4 40. Qxe4 dxe4 41. Kf2 Kf7 42. Ke3 Kf6 43. Kxe4 h5 44. a4 a6 45. Ke3 Ke5 46. Kf3 Kf5 47. Ke3 g4 48. hxg4+ Kxg4 49. Kd4 0-1

[Event "British Rapidplay"]
[Site "Peterborough"]
[Date "2025.03.01"]
[Round "1.70"]
[White "Keshari, Rohit"]
[Black "Hughes, Roy"]
[Result "0-1"]
[WhiteElo "1636"]
[BlackElo "2004"]
[PlyCount "58"]
[EventDate "2025.03.01"]
[EventType "swiss (rapid)"]
[EventRounds "11"]
[EventCountry "ENG"]
[SourceTitle "BritBase"]
[Source "John Saunders"]
[SourceDate "2025.03.03"]
[SourceVersion "1"]
[SourceVersionDate "2025.03.03"]
[SourceQuality "2"]

1. d4 d5 2. e3 Bf5 3. Bd3 Bxd3 4. Qxd3 c6 5. f4 e6 6. Nf3 Nf6 7. Nbd2 Bd6 8. O-O O-O 9. c3 Re8 10. Ne5 Nbd7 11. b3 Qe7 12. Bb2 Nf8 13. c4 Red8 14. c5 Bc7 15. Rac1 N6d7 16. b4 f6 17. Ng4 e5 18. fxe5 fxe5 19. Qf5 Ng6 20. Rce1 e4 21. Qh5 Rf8 22. Rxf8+ Rxf8 23. Nf1 Nf6 24. Nxf6+ Qxf6 25. Qe2 Qg5 26. h3 Nh4 27. Nh2 Nf3+ 28. Nxf3 exf3 29. Qf2 Bg3 0-1

[Event "British Rapidplay"]
[Site "Peterborough"]
[Date "2025.03.01"]
[Round "1.71"]
[White "McLachlan, Matthew"]
[Black "Van Neerven, Yvon"]
[Result "1-0"]
[WhiteElo "1927"]
[BlackElo "1528"]
[PlyCount "103"]
[EventDate "2025.03.01"]
[EventType "swiss (rapid)"]
[EventRounds "11"]
[EventCountry "ENG"]
[SourceTitle "BritBase"]
[Source "John Saunders"]
[SourceDate "2025.03.03"]
[SourceVersion "1"]
[SourceVersionDate "2025.03.03"]
[SourceQuality "2"]

1. d4 Nf6 2. Bg5 d5 3. Bxf6 exf6 4. e3 Bd6 5. g3 O-O 6. Bg2 c6 7. Ne2 Bf5 8. O-O Re8 9. b3 Qd7 10. c4 Bh3 11. Nbc3 Bxg2 12. Kxg2 dxc4 13. bxc4 b6 14. Qc2 Qe6 15. Qa4 c5 16. d5 Qd7 17. Qa3 h6 18. Rab1 Qe7 19. Rxb6 Nd7 20. Rb7 a6 21. Kg1 Qd8 22. Rfb1 Ne5 23. Qa4 Qc8 24. Kg2 Qf5 25. Ng1 Nd3 26. Rf1 Qg5 27. Qd7 Re7 28. Qc6 Rxb7 29. Qxb7 Re8 30. Qd7 Qe5 31. Nf3 Qe7 32. Qxe7 Rxe7 33. Rb1 Nb4 34. a3 Nc2 35. Rb6 Bc7 36. d6 Rd7 37. dxc7 Rxc7 38. Rxa6 Rc8 39. Nd5 Rb8 40. Nb6 Nxa3 41. Rxa3 Rxb6 42. Ra5 Rc6 43. Nd2 Kh7 44. Nb3 Kg6 45. Rxc5 Rb6 46. Rb5 Rc6 47. c5 Kg5 48. h4+ Kg6 49. Nd4 Rc8 50. c6 f5 51. Rb6 f6 52. Rb7 1-0

[Event "British Rapidplay"]
[Site "Peterborough"]
[Date "2025.03.01"]
[Round "1.72"]
[White "Bellano, Harry"]
[Black "Andal, Edmond"]
[Result "0-1"]
[WhiteElo "1654"]
[BlackElo "2011"]
[PlyCount "62"]
[EventDate "2025.03.01"]
[EventType "swiss (rapid)"]
[EventRounds "11"]
[EventCountry "ENG"]
[SourceTitle "BritBase"]
[Source "John Saunders"]
[SourceDate "2025.03.03"]
[SourceVersion "1"]
[SourceVersionDate "2025.03.03"]
[SourceQuality "2"]

1. e4 c5 2. Nf3 e6 3. c3 Nf6 4. e5 Nd5 5. d4 cxd4 6. cxd4 b6 7. Nc3 Bb7 8. Bc4 Nxc3 9. bxc3 Qc7 10. Qd3 Nc6 11. O-O Na5 12. Ba6 Bd5 13. Nd2 Rd8 14. c4 Ba8 15. Ne4 Be7 16. Ng5 h6 17. Nh7 Nc6 18. Bd2 Nxd4 19. Bf4 Qc6 20. f3 Nf5 21. g4 Nh4 22. Nf6+ gxf6 23. exf6 Bc5+ 24. Be3 Nxf3+ 25. Kf2 Ne5 26. Qe2 Qg2+ 27. Ke1 Bxe3 28. Qxe3 Nf3+ 29. Kd1 Qxf1+ 30. Kc2 Qxa1 31. Qa3 Qxf6 0-1

[Event "British Rapidplay"]
[Site "Peterborough"]
[Date "2025.03.01"]
[Round "1.74"]
[White "Patel, Ananya"]
[Black "Alizada, Eldar"]
[Result "0-1"]
[WhiteElo "1531"]
[BlackElo "1997"]
[PlyCount "90"]
[EventDate "2025.03.01"]
[EventType "swiss (rapid)"]
[EventRounds "11"]
[EventCountry "ENG"]
[SourceTitle "BritBase"]
[Source "John Saunders"]
[SourceDate "2025.03.03"]
[SourceVersion "1"]
[SourceVersionDate "2025.03.03"]
[SourceQuality "2"]

1. c4 e6 2. g3 Nf6 3. Bg2 d5 4. cxd5 exd5 5. e3 c6 6. Nc3 Bd6 7. Nge2 O-O 8. O-O Bf5 9. d4 Nbd7 10. b3 Qe7 11. Bb2 a5 12. a3 b5 13. a4 bxa4 14. Nxa4 Rfb8 15. Rc1 Ra6 16. Nf4 Ne4 17. Re1 Ba3 18. Bf1 Bxb2 19. Nxb2 Rab6 20. Nbd3 Qd6 21. Rb1 Nc3 22. Qd2 Nxb1 23. Rxb1 Rxb3 24. Rxb3 Rxb3 25. Qxa5 Rb8 26. Qc3 h6 27. h4 Be4 28. Nc5 Nxc5 29. dxc5 Qe7 30. Nh5 f6 31. Nf4 Qb7 32. Qd4 Qb4 33. Qd1 Qxc5 34. Qg4 Qe7 35. Ne2 Rb1 36. Qc8+ Kh7 37. Nc3 Rc1 38. Nxe4 Qxe4 39. Qa6 Qc4 40. Qxc4 dxc4 41. Kg2 c3 42. Bd3+ Kg8 43. Kf3 c2 44. Ke2 Re1+ 45. Kd2 c1=Q# 0-1

[Event "British Rapidplay"]
[Site "Peterborough"]
[Date "2025.03.01"]
[Round "1.75"]
[White "Hng, Mei-En Emmanuelle"]
[Black "Holmes, David P"]
[Result "1-0"]
[WhiteElo "2136"]
[BlackElo "1736"]
[PlyCount "81"]
[EventDate "2025.03.01"]
[EventType "swiss (rapid)"]
[EventRounds "11"]
[EventCountry "ENG"]
[SourceTitle "BritBase"]
[Source "John Saunders"]
[SourceDate "2025.03.03"]
[SourceVersion "1"]
[SourceVersionDate "2025.03.03"]
[SourceQuality "2"]

1. Nf3 c6 2. c4 d5 3. d4 Bf5 4. Nc3 e6 5. e3 Nd7 6. cxd5 exd5 7. Be2 h6 8. O-O Ne7 9. Re1 Nf6 10. Bd3 Bh7 11. Bxh7 Rxh7 12. e4 dxe4 13. Nxe4 Nxe4 14. Rxe4 f6 15. Qc2 Qd5 16. Rxe7+ Bxe7 17. Qg6+ Qf7 18. Qxh7 O-O-O 19. Bf4 Bd6 20. Qf5+ Kb8 21. Bxd6+ Rxd6 22. Qf4 Qd7 23. Re1 b6 24. h3 Kb7 25. Qe4 a5 26. a3 Ka6 27. b4 axb4 28. axb4 Rd5 29. Ra1+ Kb7 30. Qe2 b5 31. Qa2 Kc7 32. Qa7+ Kd6 33. Qb8+ Qc7 34. Qg8 Qd7 35. Ra8 Qc7 36. Rd8+ Qxd8 37. Qxd8+ Ke6 38. Qg8+ Kf5 39. Qxg7 Ke4 40. Qxf6 Kd3 41. Qxc6 1-0

[Event "British Rapidplay"]
[Site "Peterborough"]
[Date "2025.03.01"]
[Round "1.76"]
[White "Walker, Heather Enid"]
[Black "Quilter, Thomas A"]
[Result "0-1"]
[WhiteElo "1519"]
[BlackElo "2162"]
[PlyCount "98"]
[EventDate "2025.03.01"]
[EventType "swiss (rapid)"]
[EventRounds "11"]
[EventCountry "ENG"]
[SourceTitle "BritBase"]
[Source "John Saunders"]
[SourceDate "2025.03.03"]
[SourceVersion "1"]
[SourceVersionDate "2025.03.03"]
[SourceQuality "2"]

1. e4 d5 2. exd5 c6 3. d4 Nf6 4. Nf3 cxd5 5. Nc3 Nc6 6. Bb5 Bg4 7. Be3 e6 8. a3 Bd6 9. Qe2 O-O 10. O-O-O Ne4 11. Rd3 Rc8 12. h3 Bf5 13. Kb1 Na5 14. g4 Bg6 15. h4 Nxc3+ 16. Rxc3 Rxc3 17. bxc3 Bxa3 18. Ka2 Be7 19. Ne5 Qd6 20. Kb1 a6 21. Kc1 axb5 22. Qxb5 Qa3+ 23. Kd2 f6 24. Nxg6 hxg6 25. Ke2 Qxc3 26. Rc1 Ba3 27. Bd2 Qc4+ 28. Qxc4 Nxc4 29. Rb1 b6 30. Bc3 Rc8 31. f4 Bd6 32. Kf3 Na3 33. Rxb6 Rxc3+ 34. Ke2 Nc4 35. Rb1 Bxf4 36. Rb8+ Kh7 37. Re8 e5 38. dxe5 fxe5 39. Rc8 Rxc2+ 40. Kd3 Rc1 41. Ke2 d4 42. Rd8 Rc2+ 43. Kd3 Rc3+ 44. Ke4 Re3+ 45. Kd5 Nb6+ 46. Kc6 Rb3 47. Rb8 d3 48. Rxb6 Rxb6+ 49. Kxb6 d2 0-1

[Event "British Rapidplay"]
[Site "Peterborough"]
[Date "2025.03.01"]
[Round "1.79"]
[White "Iyengar, Ilya"]
[Black "Halpin, David"]
[Result "1-0"]
[WhiteElo "1979"]
[BlackElo "1563"]
[PlyCount "73"]
[EventDate "2025.03.01"]
[EventType "swiss (rapid)"]
[EventRounds "11"]
[EventCountry "ENG"]
[SourceTitle "BritBase"]
[Source "John Saunders"]
[SourceDate "2025.03.03"]
[SourceVersion "1"]
[SourceVersionDate "2025.03.03"]
[SourceQuality "2"]

1. d4 g6 2. e4 Bg7 3. c4 d6 4. Nc3 Nf6 5. Be2 O-O 6. Be3 b6 7. h4 h5 8. f3 Nbd7 9. Qd2 Kh7 10. Nh3 Rh8 11. O-O-O e6 12. Kb1 a6 13. g4 hxg4 14. fxg4 Bb7 15. Qc2 c5 16. d5 Ne5 17. dxe6 fxe6 18. Ng5+ Kg8 19. Nxe6 Qe7 20. Nxg7 Kxg7 21. Bg5 Qe6 22. h5 Nf7 23. Bf4 Bxe4 24. Nxe4 Qxe4 25. h6+ Kh7 26. Bxd6 Qxc2+ 27. Kxc2 Ne4 28. Bc7 Nf2 29. Rhf1 Nxd1 30. Rxf7+ Kxh6 31. Kxd1 Raf8 32. Rd7 Rf2 33. Bxb6 Rhf8 34. Bxc5 Rf1+ 35. Bxf1 Rxf1+ 36. Ke2 Rc1 37. Be3+ 1-0

[Event "British Rapidplay"]
[Site "Peterborough"]
[Date "2025.03.01"]
[Round "2.1"]
[White "Lalic, Susan Kathryn"]
[Black "Maroroa Jones, Gawain C B"]
[Result "0-1"]
[WhiteElo "2227"]
[BlackElo "2654"]
[PlyCount "82"]
[EventDate "2025.03.01"]
[EventType "swiss (rapid)"]
[EventRounds "11"]
[EventCountry "ENG"]
[SourceTitle "BritBase"]
[Source "John Saunders"]
[SourceDate "2025.03.03"]
[SourceVersion "1"]
[SourceVersionDate "2025.03.03"]
[SourceQuality "2"]

1. e4 c5 2. Nf3 Nc6 3. Bb5 e6 4. Bxc6 bxc6 5. d3 Ne7 6. O-O Ng6 7. Re1 e5 8. Nbd2 Be7 9. Nc4 d6 10. Bd2 Be6 11. b3 O-O 12. a4 f5 13. exf5 Rxf5 14. Ne3 Rf7 15. b4 d5 16. bxc5 Bxc5 17. c3 Qf6 18. d4 Bd6 19. dxe5 Nxe5 20. Nxe5 Qxf2+ 21. Kh1 Bxe5 22. Qe2 Qh4 23. Ng4 Bxg4 24. Qxe5 Raf8 25. Be3 Re7 26. Qg3 Qxg3 27. hxg3 Rfe8 28. Bf2 Bf5 29. Rxe7 Rxe7 30. Re1 Be4 31. Kg1 h5 32. Bc5 Rb7 33. Rf1 a5 34. Rf8+ Kh7 35. Ra8 Rb1+ 36. Kh2 Rb2 37. Rxa5 g5 38. Ra6 Rxg2+ 39. Kh3 g4+ 40. Kh4 Kg6 41. Rxc6+ Kf5 0-1

[Event "British Rapidplay"]
[Site "Peterborough"]
[Date "2025.03.01"]
[Round "2.2"]
[White "Ghasi, Ameet K"]
[Black "Ganti, Shriaansh"]
[Result "1-0"]
[WhiteElo "2505"]
[BlackElo "1980"]
[PlyCount "119"]
[EventDate "2025.03.01"]
[EventType "swiss (rapid)"]
[EventRounds "11"]
[EventCountry "ENG"]
[SourceTitle "BritBase"]
[Source "John Saunders"]
[SourceDate "2025.03.03"]
[SourceVersion "1"]
[SourceVersionDate "2025.03.03"]
[SourceQuality "2"]

1. Nf3 d5 2. g3 Nc6 3. d3 e5 4. Bg2 f6 5. c3 Be6 6. b4 Qd7 7. Nbd2 a5 8. b5 Na7 9. a4 c6 10. bxc6 bxc6 11. O-O Bd6 12. Nb3 Qd8 13. Be3 Ne7 14. Rb1 O-O 15. Nc5 Bc8 16. Nb7 Qc7 17. Nxd6 Qxd6 18. Nd2 Be6 19. Rb7 c5 20. Qb1 d4 21. Ne4 Qd8 22. Nxc5 Bd5 23. Rd7 Qc8 24. Bxd5+ Nxd5 25. Rxd5 dxe3 26. fxe3 Qc6 27. Qb7 Rab8 28. Qxc6 Nxc6 29. Nd7 Rbd8 30. e4 Rf7 31. Nb6 Rb8 32. Nc4 Ra7 33. Rc5 Ra6 34. Rb5 Rba8 35. Rfb1 h5 36. Kf2 Nd8 37. Rd5 Kh7 38. Rbb5 Nc6 39. Rd7 Kh6 40. Rbb7 Rg8 41. Nd6 Nd8 42. Nf5+ Kh7 43. Rxg7+ Rxg7 44. Rxg7+ Kh8 45. Rd7 Ne6 46. Rd5 Rc6 47. Rxa5 Rxc3 48. Ra6 Nc5 49. Rxf6 Nxa4 50. Rh6+ Kg8 51. Rxh5 Rc2 52. Ne3 Ra2 53. Nd5 Nc5 54. Ke3 Nd7 55. Rf5 Kg7 56. Rf1 Ra8 57. h4 Nf8 58. Rf5 Nd7 59. g4 Rh8 60. h5 1-0

[Event "British Rapidplay"]
[Site "Peterborough"]
[Date "2025.03.01"]
[Round "2.3"]
[White "Yoon, Jacob D"]
[Black "Vitiugov, Nikita"]
[Result "0-1"]
[WhiteElo "2251"]
[BlackElo "2668"]
[PlyCount "74"]
[EventDate "2025.03.01"]
[EventType "swiss (rapid)"]
[EventRounds "11"]
[EventCountry "ENG"]
[SourceTitle "BritBase"]
[Source "John Saunders"]
[SourceDate "2025.03.03"]
[SourceVersion "1"]
[SourceVersionDate "2025.03.03"]
[SourceQuality "2"]

1. d4 Nf6 2. c4 e6 3. Nc3 Bb4 4. e3 b6 5. a3 Bxc3+ 6. bxc3 Bb7 7. f3 c5 8. Bd3 Nc6 9. Ne2 Na5 10. e4 d6 11. O-O Qc7 12. d5 O-O-O 13. Ng3 h5 14. h4 Rde8 15. dxe6 Rxe6 16. Nf5 g6 17. Ne3 Qd8 18. Nd5 Nd7 19. Bg5 f6 20. Bf4 g5 21. Bg3 Ne5 22. hxg5 fxg5 23. Bxe5 Rxe5 24. f4 gxf4 25. Rxf4 Rg5 26. Qf3 Nc6 27. a4 Rhg8 28. Ra2 Ne5 29. Qd1 Rg4 30. Rff2 Rg3 31. Bf1 Ng4 32. Rf4 Qh4 33. Rxg4 R3xg4 34. a5 bxa5 35. Rf2 Rg3 36. Rf3 Kb8 37. Ne3 Rxf3 0-1

[Event "British Rapidplay"]
[Site "Peterborough"]
[Date "2025.03.01"]
[Round "2.4"]
[White "Gormally, Daniel W"]
[Black "George, Matthew P"]
[Result "1-0"]
[WhiteElo "2428"]
[BlackElo "1999"]
[PlyCount "37"]
[EventDate "2025.03.01"]
[EventType "swiss (rapid)"]
[EventRounds "11"]
[EventCountry "ENG"]
[SourceTitle "BritBase"]
[Source "John Saunders"]
[SourceDate "2025.03.03"]
[SourceVersion "1"]
[SourceVersionDate "2025.03.03"]
[SourceQuality "2"]

1. d4 f5 2. Bg5 g6 3. Nd2 Bg7 4. e4 d6 5. Ngf3 c6 6. Bd3 Nh6 7. Qe2 Nf7 8. exf5 gxf5 9. O-O-O Qc7 10. Rde1 e5 11. dxe5 dxe5 12. Bf4 O-O 13. Nxe5 Nxe5 14. Bxe5 Bxe5 15. Qxe5 Qxe5 16. Rxe5 f4 17. Re7 Bf5 18. Bxf5 Rxf5 19. Rxb7 1-0

[Event "British Rapidplay"]
[Site "Peterborough"]
[Date "2025.03.01"]
[Round "2.5"]
[White "Norris, Zack"]
[Black "Han, Yichen"]
[Result "0-1"]
[WhiteElo "1929"]
[BlackElo "2430"]
[PlyCount "68"]
[EventDate "2025.03.01"]
[EventType "swiss (rapid)"]
[EventRounds "11"]
[EventCountry "ENG"]
[SourceTitle "BritBase"]
[Source "John Saunders"]
[SourceDate "2025.03.03"]
[SourceVersion "1"]
[SourceVersionDate "2025.03.03"]
[SourceQuality "2"]

1. c4 e6 2. Nf3 d5 3. g3 Nf6 4. Bg2 dxc4 5. Qa4+ Bd7 6. Qxc4 Bc6 7. O-O Nbd7 8. d4 Be7 9. Nc3 O-O 10. Qd3 a6 11. a4 Bb4 12. Bd2 Qe7 13. Rfe1 Rfd8 14. Qc2 Nb6 15. e4 h6 16. Bf4 Rac8 17. h3 Be8 18. Be5 c5 19. d5 Nfd7 20. Bf4 e5 21. Bd2 Nc4 22. Na2 Nxd2 23. Nxd2 c4 24. Red1 b5 25. axb5 axb5 26. Nf3 Bd6 27. Nh4 g6 28. Qd2 Kh7 29. Nc1 Nc5 30. Qe3 Ra8 31. Rxa8 Rxa8 32. Qe2 Ra1 33. Qd2 Qa7 34. f4 Nxe4+ 0-1

[Event "British Rapidplay"]
[Site "Peterborough"]
[Date "2025.03.01"]
[Round "2.6"]
[White "Manley, Jonathan P"]
[Black "Roberson, Peter T"]
[Result "0-1"]
[WhiteElo "2090"]
[BlackElo "2434"]
[PlyCount "50"]
[EventDate "2025.03.01"]
[EventType "swiss (rapid)"]
[EventRounds "11"]
[EventCountry "ENG"]
[SourceTitle "BritBase"]
[Source "John Saunders"]
[SourceDate "2025.03.03"]
[SourceVersion "1"]
[SourceVersionDate "2025.03.03"]
[SourceQuality "2"]

1. e4 e6 2. d4 d5 3. Nc3 Nf6 4. Bg5 h6 5. Bxf6 Qxf6 6. exd5 Bb4 7. dxe6 Bxe6 8. Nf3 O-O 9. Be2 c5 10. a3 Bxc3+ 11. bxc3 Nc6 12. O-O Rad8 13. Qb1 Bd5 14. c4 Bxf3 15. Bxf3 Nxd4 16. Bd5 b6 17. a4 Rfe8 18. a5 Ne2+ 19. Kh1 Nc3 20. Qb3 bxa5 21. Bf3 a4 22. Qb7 Re7 23. Qb2 Qd4 24. Ra3 Qxf2 25. Qc1 Nd1 0-1

[Event "British Rapidplay"]
[Site "Peterborough"]
[Date "2025.03.01"]
[Round "2.7"]
[White "Slaby, Jerzy"]
[Black "McLachlan, Matthew"]
[Result "1-0"]
[WhiteElo "2464"]
[BlackElo "1927"]
[PlyCount "121"]
[EventDate "2025.03.01"]
[EventType "swiss (rapid)"]
[EventRounds "11"]
[EventCountry "ENG"]
[SourceTitle "BritBase"]
[Source "John Saunders"]
[SourceDate "2025.03.03"]
[SourceVersion "1"]
[SourceVersionDate "2025.03.03"]
[SourceQuality "2"]

1. e4 e6 2. d4 d5 3. Nc3 Nf6 4. e5 Nfd7 5. f4 c5 6. Nf3 Nc6 7. Be3 a6 8. Qd2 b5 9. a3 g5 10. dxc5 gxf4 11. Bxf4 Bxc5 12. Bd3 Qb6 13. Ne2 Bb7 14. Rf1 O-O-O 15. b4 Be7 16. c3 h6 17. Ned4 Rhg8 18. a4 Bg5 19. Bxg5 hxg5 20. axb5 axb5 21. Bxb5 Ndxe5 22. Nxe5 Nxe5 23. Qe2 Qc7 24. Kd2 Nc4+ 25. Kc2 e5 26. Nf5 Nd6 27. Nxd6+ Rxd6 28. Qxe5 d4 29. Ra3 Rgd8 30. Qc5 d3+ 31. Kd2 Qxc5 32. bxc5 Re6 33. Rf2 Be4 34. Bc4 Re7 35. g4 Kb8 36. Rb3+ Kc7 37. Ra3 Kb8 38. Ra6 Bg6 39. Rd6 Red7 40. Rff6 Kc7 41. Rc6+ Kb8 42. Rb6+ Rb7 43. Ba6 Rxb6 44. cxb6 Rh8 45. Rf2 Rd8 46. c4 Rd4 47. h3 Ka8 48. Rf3 Kb8 49. Re3 Re4 50. Rxe4 Bxe4 51. c5 Bg2 52. Ke3 Bf1 53. Bxd3 Bxh3 54. Bf5 Bg2 55. Kd4 f6 56. Kc4 Kb7 57. Be6 Bh3 58. Kd5 Bg2+ 59. Kd6 Be4 60. Bd5+ Bxd5 61. Kxd5 1-0

[Event "British Rapidplay"]
[Site "Peterborough"]
[Date "2025.03.01"]
[Round "2.8"]
[White "Hughes, Roy"]
[Black "Kovchan, Alexander"]
[Result "0-1"]
[WhiteElo "2004"]
[BlackElo "2433"]
[PlyCount "56"]
[EventDate "2025.03.01"]
[EventType "swiss (rapid)"]
[EventRounds "11"]
[EventCountry "ENG"]
[SourceTitle "BritBase"]
[Source "John Saunders"]
[SourceDate "2025.03.03"]
[SourceVersion "1"]
[SourceVersionDate "2025.03.03"]
[SourceQuality "2"]

1. d4 Nf6 2. Nf3 g6 3. Bf4 Bg7 4. e3 O-O 5. Be2 d6 6. h3 Nc6 7. O-O e5 8. Bh2 exd4 9. exd4 Ne4 10. c3 f5 11. Re1 Kh8 12. Nfd2 Qf6 13. Bf1 Bd7 14. Na3 Rae8 15. Nac4 Bh6 16. Ne3 Nxf2 17. Kxf2 Rxe3 18. Rxe3 Qh4+ 19. g3 Bxe3+ 20. Kxe3 f4+ 21. gxf4 g5 22. Nf3 Re8+ 23. Kd3 Qf2 24. Bg1 Qxb2 25. Ne5 dxe5 26. fxe5 Bf5+ 27. Ke3 Qxc3+ 28. Kf2 Rf8 0-1

[Event "British Rapidplay"]
[Site "Peterborough"]
[Date "2025.03.01"]
[Round "2.9"]
[White "Gasanov, Eldar"]
[Black "Lebedev, Lion"]
[Result "1-0"]
[WhiteElo "2469"]
[BlackElo "2038"]
[PlyCount "81"]
[EventDate "2025.03.01"]
[EventType "swiss (rapid)"]
[EventRounds "11"]
[EventCountry "ENG"]
[SourceTitle "BritBase"]
[Source "John Saunders"]
[SourceDate "2025.03.03"]
[SourceVersion "1"]
[SourceVersionDate "2025.03.03"]
[SourceQuality "2"]

1. d4 d5 2. Nf3 Nf6 3. c4 c6 4. Qb3 Qb6 5. Nc3 e6 6. c5 Qc7 7. g3 b6 8. Bf4 Qd8 9. cxb6 axb6 10. Bg2 Ba6 11. O-O Bc4 12. Qc2 Nbd7 13. Rfe1 Be7 14. e4 h6 15. Nd2 g5 16. Be5 Nxe5 17. dxe5 Nd7 18. exd5 Bxd5 19. Nxd5 cxd5 20. Nb3 Rc8 21. Qe2 O-O 22. Nd4 Rc4 23. Rad1 Qc7 24. b3 Rc5 25. f4 Ra8 26. f5 exf5 27. Nxf5 Bf8 28. e6 Rc2 29. exf7+ Kh8 30. Rd2 Raxa2 31. Rxc2 Rxc2 32. Qd3 Qc5+ 33. Kh1 Qf2 34. Qd4+ Qxd4 35. Nxd4 Rf2 36. Bxd5 Rd2 37. Re4 Nf6 38. Re8 Rxd4 39. Rxf8+ Kg7 40. Rg8+ Nxg8 41. fxg8=Q+ 1-0